Central Library OPAC University of Rajshahi

Ecological census techniques : (Record no. 36879)

MARC details
000 -LEADER
fixed length control field 00856nam a2200277 a 4500
001 - CONTROL NUMBER
control field 36879
003 - CONTROL NUMBER IDENTIFIER
rucl marc code BD-RjUL
005 - DATE AND TIME OF LATEST TRANSACTION
control field 20211209052543.0
008 - FIXED-LENGTH DATA ELEMENTS--GENERAL INFORMATION
fixed length control field 140922s1997 enka b 001 0 eng
020 ## - INTERNATIONAL STANDARD BOOK NUMBER
International Standard Book Number 0521635144
International Standard Book Number 052147244X (hb)
International Standard Book Number 0521478154 (pb)
035 ## - SYSTEM CONTROL NUMBER
System control number (BD-RjUL)
040 ## - CATALOGING SOURCE
Original cataloging agency DLC
Transcribing agency DLC
Modifying agency DLC
-- BD-RjUL
Language of cataloging eng
041 ## - LANGUAGE CODE
Language code of text/sound track or separate title eng
082 00 - DEWEY DECIMAL CLASSIFICATION NUMBER
Classification number 574.5028
Edition number 20
245 00 - TITLE STATEMENT
Title Ecological census techniques :
Remainder of title a handbook /
Statement of responsibility, etc. edited by William J. Sutherland.
260 ## - PUBLICATION, DISTRIBUTION, ETC. (IMPRINT)
Place of publication, distribution, etc. Cambridge ;
-- New York :
Name of publisher, distributor, etc. Cambridge University Press,
Date of publication, distribution, etc. 1997
300 ## - PHYSICAL DESCRIPTION
Pagination xv, 336 p. :
Illustrations ill. ;
Size 25 cm.
504 ## - BIBLIOGRAPHY, ETC. NOTE
Bibliography, etc Includes bibliographical references and index.
650 #0 - SUBJECT ADDED ENTRY--TOPICAL TERM
Topical term or geographic name as entry element Ecological survey
General subdivision Methodology.
9 (RLIN) 112558
700 1# - ADDED ENTRY--PERSONAL NAME
Personal name Sutherland, William J.
942 ## - ADDED ENTRY ELEMENTS (KOHA)
Source of classification or shelving scheme Dewey Decimal Classification
Koha item type Books
Holdings
Lost status Source of classification or shelving scheme Damaged status Not for loan Permanent Location Current Location Shelving location Date acquired Cost, normal purchase price Total Checkouts Full call number Date last seen Copy number Koha item type
  Dewey Decimal Classification   Not For Loan Institute of Biological Sciences (IBSc) Library Institute of Biological Sciences (IBSc) Library   22/09/2014 230.00   574.5028 ECO 1997 22/09/2014 C-1 Books